000
00209nam a2200097Ia 4500
008
220204s9999 xx 000 0 und d
082
_a
82-3
_b
HUN
100
_a
Hunter, Evan
245
0
_a
Walk proud
942
_c
BK
999
_c
33465
_d
33465